| 000 | 00484nam a2200193Ia 4500 | ||
|---|---|---|---|
| 005 | 20250425162444.0 | ||
| 008 | 250425s9999 xx 000 0 und d | ||
| 020 | _a0849335108 | ||
| 041 | _aeng | ||
| 082 | _a547.75 | ||
| 245 | 0 | _aHANDBOOK OF HPLC FOR THE SEPARATION OF AMINO ACIDS, PEPTIDES AND PROTEINS | |
| 250 | _aS.E. | ||
| 260 |
_aEstados Unidos _bCRC PRESS _c2000 |
||
| 260 | _aFLORIDA CITY | ||
| 300 | _a489 | ||
| 650 | _aPROTEINAS | ||
| 942 | _c01 | ||
| 010 | _a75389 | ||
| 999 |
_c229579 _d229579 |
||